Statistiques concernant Naruto: Énigme Personnages ●2

Cliquez ici pour prendre le quiz!

Statistiques générales

  • Ce quiz a été pris 403 fois
  • Le résultat moyen est 22 sur 28

Statistiques - réponses

IndiceLettrePersonnage% Correct
BONUS est le meilleur ami de BONUS 2BONUSNaruto Uzumaki
97%
BONUS 2 est le frère du coéquipier de RBONUS 2Sasuke Uchiha
96%
F est amoureuse de BONUSFHinata Hyuga
94%
B est une élève de CBIno Yamanka
89%
A est un personnage qui fait parti de l'équipe 10 avec BAChoji Akimichi
88%
H est de la même famille que FHNeji Hyuga
88%
I est dans la même équipe que HITenten
85%
J est le sensei de I et HJGai Maito
84%
Dans Boruto: Naruto Next Generations, on peut voir O et B mariés avec un enfantOSai
84%
D fait parti de l'équipe 8 avec E et FDShino Aburame
83%
C a été tuer par UCAsuma Sarutobi
82%
E est un élève de GEKiba Inuzuka
82%
S fait parti de la même organisation que R et S a été mis en duo avec TSSasori
81%
T a rejoint l'organisation après avoir été recruté par Itachi et RTDeidara
80%
G entretenaient une relation amoureuse et a même eu un enfant avec CGKurenaï Yûhi
80%
U a été tuer par un élève de CUHidan
79%
L a élevé ZLOrochimaru
78%
R faisait parti de la même organisation que TRKisame Hoshigaki
76%
V entretient un duo avec UVKakuzu
73%
N a été l'assistant de LNKabuto Yakushi
71%
K a été tuer par LKHiruzen Sarutobi
67%
Q utilise la même technique que SQKankuro
67%
W a eu dans sa vie le même rôle au sein de Konoha que KWTobirama Senju
67%
X a le même nom de famille que BONUSXKarin
63%
P a momentanément été dans l'équipe 7, exactement comme OPYamato
63%
M est une kunoichi de Konoha qui a servi comme assistante de confiance du Cinquième HokageMShizune
62%
Y a fait parti de la même équipe que X sous le commandement de BONUS 2YJugo
53%
Z a été tuer par le frère de Q et Rock LeeZKimimaro
51%

Distribution des résultats

Percentile par nombre de réponses

% des personnes avec chaque résultat

Votre développement - résultats

Vous n’avez pas pris ce quiz